000 00352nam a2200169Ia 4500
100 _aWhiteley/David
650 _aE commerce
942 _cBK
366 _f25
654 _ae commerce
245 _ae Commerce
260 _bTata Mc Graw hill Ltd.
_c2000
082 _a658.84
_bWHI
300 _a259
546 _aENGLISH
_cInfo.Tech
999 _c30385
_d30385